Mots voc Fairy Tales - Statistiques

Statistiques générales
  • Ce quiz a été pris 94 fois
  • Le résultat moyen est 3 sur 79
Statistiques - réponses
Hint Réponse % Correct
royaume kingdom
100%
véritable genuine
25%
frapper (porte) knock
25%
hache axe
13%
chaudron cauldron
13%
âne donkey
13%
épouvantable dreadful
13%
pain d'épice gingerbread
13%
hôte host
13%
baguette magique magic wand
13%
orphelin orphan
13%
four oven
13%
sensible sensitive
13%
ruisseler stream down
13%
veuve widow
13%
grenier attic
0%
bleu / hématome bruise
0%
terrier burrow
0%
jeter un sort cast a spell
0%
poursuivre chase / poursue
0%
cochet coachman
0%
lâche coward
0%
astucieux cunning / shrewd / smart
0%
malédiction curse
0%
duperie deceit
0%
sournois deceitful
0%
dévorer devour
0%
loir dormouse
0%
pâte dough
0%
édredon eiderdown
0%
marraine fairy godmother
0%
montre à gousset fob watch
0%
valet de pied footman
0%
réaliser son voeu fulfill one's wish
0%
portail gate
0%
tige (plante) gigantic stem / stalk
0%
oie goose
0%
attraper grasp
0%
vert de jalousie green with envy
0%
main piquée par une aiguille hand pricked by a needle
0%
hautain haughty
0%
une calèche tirée par des chevaux horse-drawn carriage
0%
tâches ménagères household chores
0%
chasseur huntsman
0%
glaçage icing
0%
hériter inherit
0%
dans une telle détresse in such a sad plight
0%
en forme de in the shape of
0%
mâchoire jaw
0%
écrin jewelry case
0%
pantoufle de verre little glass slipper
0%
roturier low-born master
0%
maléfique maleficient
0%
matelas mattress
0%
meunier miller
0%
pâtisserie pasty
0%
sans le sou penniless
0%
prince charmant prince charming
0%
haillons rags
0%
coffre-fort safe
0%
à peine scarcely
0%
épouvantail scarecrow
0%
fléau scourge
0%
chercher refuge seek shelter
0%
enchantement endormi sleeping enchantment
0%
trempé soaked / drenched with rain
0%
fuseau spindle
0%
rouet spinning wheel
0%
belle-mère stepmother
0%
robuste sturdy
0%
chaumière thatched cottage
0%
tirer à pile ou face toss up
0%
tour trick
0%
supercherie trickery
0%
transformer turn into
0%
siffler whistle
0%
bancal wobbly
0%
bûcheron woodcutter
0%
misérable wretched
0%
Aucun quiz correspondant
Distribution des résultats
% des personnes avec chaque résultat
Percentile par nombre de réponses
Votre historique - résultats
Vous n’avez pas pris ce quiz